00532nam a2200169Ia 450000500170000000800410001702000180005808200130007610000110008924500530010026000480015330000130020150000280021494200060024295200990024899900150034720250323153325.0240331s9999 xx 000 0 und d a9789558637227 bPINa894 aAuthor 0aPinnaviinathtbuvam :bmaayaikalaik kattavilthal aIndiabDhesiya Kalai Ilakkiya peravaic2007 a114 p ., aCollections of Articles cL 001040708LaWERCLbWERCLcSSCd2024-03-31l0o 894.811 PINp5924r2024-03-31w2024-03-31yL c3882d3882